Văn phạm Hán ngữ hiện đại

Giáo trình gồm 20 bài, mỗi bài được giới thiệu theo 5 phần: văn phạm, mẫu câu, luyện tập, bài đọc và từ ngữ

Đã lưu trong:
Bibliografiske detaljer
Hovedforfatter: Văn phạm Hán ngữ hiện đại
Format: Bog
Sprog:Undetermined
Udgivet: Tp. HCM Trẻ 1997
Fag:
Tags: Tilføj Tag
Ingen Tags, Vær først til at tagge denne postø!
Thư viện lưu trữ: Trung tâm Học liệu Trường Đại học Cần Thơ
LEADER 00745nam a2200181Ia 4500
001 CTU_29786
008 210402s9999 xx 000 0 und d
082 |a 495.15 
082 |b V115 
100 |a Văn phạm Hán ngữ hiện đại 
245 0 |a Văn phạm Hán ngữ hiện đại 
245 0 |c Văn phạm Hán ngữ hiện đại; Biên soạn: Nguyễn Văn ái 
260 |a Tp. HCM 
260 |b Trẻ 
260 |c 1997 
520 |a Giáo trình gồm 20 bài, mỗi bài được giới thiệu theo 5 phần: văn phạm, mẫu câu, luyện tập, bài đọc và từ ngữ 
650 |a chinese language - grammar 
980 |a Trung tâm Học liệu Trường Đại học Cần Thơ